[Event "2. BUNDESLIGA MITTE 2018/2019"]
[Site "Grieskirchen, Friedberg/Sauwald, St. Veit, Deutschlandsberg"]
[Date "2019.03.01"]
[Round "9"]
[Board "6"]
[White "Eder, Matthias"]
[Black "Hellmayr, Alois"]
[Result "1-0"]
[WhiteElo "2166"]
[BlackElo "2283"]
[PlyCount "81"]
[EventDate "2018.10.19"]
[EventType "team"]
[EventRounds "11"]
[EventCountry "AUT"]
[WhiteTeam "Schachfreunde Graz"]
[BlackTeam "SPG Sauwald"]

1.e4 c5 2.c3 d5 3.exd5 Qxd5 4.d4 cxd4 5.cxd4 e6 6.Nc3 Qd8 7.Nf3 Nf6 8.Bd3 Nc6 9.a3
Be7 10.O-O O-O 11.Re1 b6 12.Bc2 Bb7 13.Qd3 g6 14.Bh6 Re8 15.Rad1 Rc8 16.Bb3 Na5 17.Ba2
Bd5 18.Nxd5 exd5 19.Ne5 Qd6 20.h3 Bf8 21.Bf4 Nh5 22.Bh2 Qd8 23.b4 Nc6 24.Qf3 Nf6 25.Bg3
Re6 26.Bh4 Bg7 27.Bxf6 Rxf6 28.Qxd5 Ne7 29.Qxd8+ Rxd8 30.Nxf7 Re8 31.Nd6+ Kf8 32.Nxe8
Kxe8 33.Re6 Rf5 34.d5 Kd7 35.Rde1 Nc8 36.Bc4 Bf8 37.Bb5+ Kc7 38.Rc1+ Kb7 39.Rec6 Nd6
40.Rc7+ Kb8 41.Ba6 1-0

[Event "2. BUNDESLIGA MITTE 2018/2019"]
[Site "Grieskirchen, Friedberg/Sauwald, St. Veit, Deutschlandsberg"]
[Date "2019.03.01"]
[Round "9"]
[Board "1"]
[White "Nemeth, Miklos"]
[Black "Schachinger, Mario"]
[Result "1/2-1/2"]
[WhiteElo "2491"]
[BlackElo "2396"]
[PlyCount "60"]
[EventDate "2018.10.19"]
[EventType "team"]
[EventRounds "11"]
[EventCountry "AUT"]
[WhiteTeam "SV Steyregg"]
[BlackTeam "Frauental"]

1.e4 c5 2.Nf3 e6 3.d4 cxd4 4.Nxd4 Nf6 5.Nc3 Nc6 6.Ndb5 Bc5 7.Bf4 O-O 8.Bd6 Bxd6 9.Nxd6
a6 10.Qd2 Ne8 11.O-O-O Nxd6 12.Qxd6 b5 13.f4 Qa5 14.Kb1 Bb7 15.Bd3 b4 16.Ne2 Rac8
17.Nc1 Qc7 18.Be2 Nb8 19.Qxc7 Rxc7 20.Rd4 Nc6 21.Rd6 Nb8 22.Bd3 Rc6 23.Rd4 Rb6 24.Re1
d5 25.exd5 Bxd5 26.Be4 Nc6 27.Rd2 Ne7 28.Rd4 g6 29.Bxd5 Nxd5 30.Nd3 Rc8 1/2-1/2

[Event "2. BUNDESLIGA MITTE 2018/2019"]
[Site "Grieskirchen, Friedberg/Sauwald, St. Veit, Deutschlandsberg"]
[Date "2019.03.01"]
[Round "9"]
[Board "2"]
[White "Mohr, Georg"]
[Black "Kovacs, Gabor"]
[Result "1/2-1/2"]
[WhiteElo "2449"]
[BlackElo "2457"]
[PlyCount "48"]
[EventDate "2018.10.19"]
[EventType "team"]
[EventRounds "11"]
[EventCountry "AUT"]
[WhiteTeam "Frauental"]
[BlackTeam "SV Steyregg"]

1.e4 e5 2.Nf3 Nf6 3.Nxe5 d6 4.Nf3 Nxe4 5.Qe2 Qe7 6.d3 Nf6 7.Bg5 Qxe2+ 8.Bxe2 Be7 9.Nc3
c6 10.O-O-O Na6 11.Rhe1 Nc7 12.Ne4 Nxe4 13.dxe4 Bxg5+ 14.Nxg5 Ke7 15.Nf3 Be6 16.Nd4
Rad8 17.f4 Bc8 18.Bf3 g6 19.Re3 Rhe8 20.Red3 Ne6 21.Ne2 Ng7 22.Nd4 Ne6 23.Ne2 Ng7
24.Nd4 Ne6 1/2-1/2

[Event "2. BUNDESLIGA MITTE 2018/2019"]
[Site "Grieskirchen, Friedberg/Sauwald, St. Veit, Deutschlandsberg"]
[Date "2019.03.01"]
[Round "9"]
[Board "3"]
[White "Velicka, Petr"]
[Black "Steiner, Stefan"]
[Result "1-0"]
[WhiteElo "2430"]
[BlackElo "2319"]
[PlyCount "61"]
[EventDate "2018.10.19"]
[EventType "team"]
[EventRounds "11"]
[EventCountry "AUT"]
[WhiteTeam "SV Steyregg"]
[BlackTeam "Frauental"]

1.e4 Nc6 2.Nf3 f5 3.exf5 d5 4.Bb5 Bxf5 5.Ne5 Qd6 6.d4 Nf6 7.O-O Nd7 8.Bxc6 bxc6 9.Bf4
Nxe5 10.Bxe5 Qd7 11.Nd2 e6 12.Nb3 Bd6 13.Re1 O-O 14.Qd2 Qe7 15.c3 Rf7 16.Qe3 h5 17.Rad1
Raf8 18.Rf1 h4 19.h3 Bxe5 20.Qxe5 Rf6 21.Nc5 Rg6 22.Kh1 Qg5 23.Rg1 Rf7 24.Rde1 Qh6
25.Re3 Rgf6 26.Rge1 g5 27.f3 Qg7 28.Kg1 Qh6 29.R3e2 Qh5 30.Nd7 Rg6 31.Qxc7 1-0

[Event "2. BUNDESLIGA MITTE 2018/2019"]
[Site "Grieskirchen, Friedberg/Sauwald, St. Veit, Deutschlandsberg"]
[Date "2019.03.01"]
[Round "9"]
[Board "4"]
[White "Ebner, Hubert"]
[Black "Enoeckl, Philipp"]
[Result "1/2-1/2"]
[WhiteElo "2243"]
[BlackElo "2291"]
[PlyCount "60"]
[EventDate "2018.10.19"]
[EventType "team"]
[EventRounds "11"]
[EventCountry "AUT"]
[WhiteTeam "Frauental"]
[BlackTeam "SV Steyregg"]

1.d4 Nf6 2.c4 g6 3.Nc3 Bg7 4.e4 d6 5.f3 O-O 6.Bg5 c5 7.d5 e6 8.Qd2 exd5 9.cxd5 Qa5
10.a4 Na6 11.Nge2 Bd7 12.Nc1 Rfe8 13.Be2 Nb4 14.O-O a6 15.Nb3 Qc7 16.a5 b6 17.axb6
Qxb6 18.Na5 Bb5 19.Nc4 Bxc4 20.Bxc4 Nd7 21.Kh1 Ne5 22.b3 Qc7 23.h3 Qd7 24.Bh6 Bh8
25.Rae1 Nxc4 26.bxc4 a5 27.Ra1 f5 28.Ra3 Qf7 29.Nb5 Red8 30.exf5 Qxf5 1/2-1/2

[Event "2. BUNDESLIGA MITTE 2018/2019"]
[Site "Grieskirchen, Friedberg/Sauwald, St. Veit, Deutschlandsberg"]
[Date "2019.03.01"]
[Round "9"]
[Board "5"]
[White "Meyer, Gordon"]
[Black "Krebs, Johann"]
[Result "1-0"]
[WhiteElo "2206"]
[BlackElo "2196"]
[PlyCount "73"]
[EventDate "2018.10.19"]
[EventType "team"]
[EventRounds "11"]
[EventCountry "AUT"]
[WhiteTeam "SV Steyregg"]
[BlackTeam "Frauental"]

1.e4 c6 2.d4 d5 3.exd5 cxd5 4.c4 Nf6 5.Nc3 Nc6 6.Nf3 g6 7.cxd5 Nxd5 8.Qb3 e6 9.Bg5
Be7 10.Bxe7 Qxe7 11.Bb5 Bd7 12.O-O Na5 13.Qa4 Nxc3 14.bxc3 Bxb5 15.Qxb5+ Nc6 16.d5
a6 17.Qa4 b5 18.Qe4 Na5 19.d6 Qa7 20.d7+ Kxd7 21.Ne5+ Ke8 22.a4 f6 23.axb5 Qb7 24.Qg4
Qd5 25.Rxa5 Qxe5 26.Qb4 Rb8 27.b6 Qe2 28.c4 Kf7 29.Rxa6 Rb7 30.Ra7 Rhb8 31.Qd6 Qe5
32.Qc6 Re7 33.Rxe7+ Kxe7 34.Rd1 f5 35.g3 f4 36.c5 fxg3 37.Rd7+ 1-0

[Event "2. BUNDESLIGA MITTE 2018/2019"]
[Site "Grieskirchen, Friedberg/Sauwald, St. Veit, Deutschlandsberg"]
[Date "2019.03.01"]
[Round "9"]
[Board "6"]
[White "Khalakhan, Jurij"]
[Black "Wiesinger, Robert"]
[Result "1-0"]
[WhiteElo "2279"]
[BlackElo "2233"]
[PlyCount "79"]
[EventDate "2018.10.19"]
[EventType "team"]
[EventRounds "11"]
[EventCountry "AUT"]
[WhiteTeam "Frauental"]
[BlackTeam "SV Steyregg"]

1.e4 e5 2.Nf3 Nc6 3.Bc4 Bc5 4.b4 Bxb4 5.c3 Ba5 6.d4 exd4 7.O-O Nge7 8.Ng5 d5 9.Nxf7
Kxf7 10.exd5 Ne5 11.Bb3 Nxd5 12.Qh5+ g6 13.Qxe5 Be6 14.Qxd4 c6 15.Bb2 Re8 16.c4 Nf6
17.Qh4 Nh5 18.Qe4 Qg5 19.f4 Bb6+ 20.Bd4 Bxd4+ 21.Qxd4 Qf6 22.Qxf6+ Nxf6 23.Nd2 Bg4
24.c5+ Kg7 25.Rfe1 Rad8 26.Nc4 Ne4 27.Ne5 Nf6 28.h3 Bc8 29.Nf7 Rxe1+ 30.Rxe1 Re8 31.Rd1
Ne4 32.Re1 Nf6 33.Re5 Rxe5 34.fxe5 Nd5 35.Bxd5 cxd5 36.Nd6 Bf5 37.Kf2 Bb1 38.a3 Kf8
39.Ke3 Ke7 40.Kd4 1-0

[Event "2. BUNDESLIGA MITTE 2018/2019"]
[Site "Grieskirchen, Friedberg/Sauwald, St. Veit, Deutschlandsberg"]
[Date "2019.03.01"]
[Round "9"]
[Board "1"]
[White "Flumbort, Andras"]
[Black "Pilaj, Herwig"]
[Result "1-0"]
[WhiteElo "2452"]
[BlackElo "2336"]
[PlyCount "83"]
[EventDate "2018.10.19"]
[EventType "team"]
[EventRounds "11"]
[EventCountry "AUT"]
[WhiteTeam "ASK St.Valentin"]
[BlackTeam "SC Die Klagenfurter"]

1.d4 Nf6 2.c4 c5 3.d5 e5 4.Nc3 d6 5.e4 Nbd7 6.g3 a6 7.a4 g6 8.Bg2 Bg7 9.Nge2 O-O 10.Bg5
Qe8 11.a5 Nh5 12.Be3 f5 13.f3 Ndf6 14.Qd2 Bd7 15.O-O Rf7 16.Rab1 Rc8 17.b4 cxb4 18.Rxb4
fxe4 19.fxe4 Bg4 20.h3 Bxe2 21.Nxe2 Rfc7 22.Qa2 Nd7 23.Kh2 Nc5 24.Qb1 Nf6 25.Nc3 Nfd7
26.Rf2 Qe7 27.h4 Rf8 28.Rxf8+ Qxf8 29.Rb2 Bh6 30.Bg1 g5 31.Rf2 Qg7 32.hxg5 Bxg5 33.Rf5
Qh6+ 34.Bh3 Be3 35.Bxe3 Qxe3 36.Qc2 Nd3 37.Nd1 Qxe4 38.Rg5+ Kf8 39.Nf2 Nxf2 40.Qxf2+
Ke7 41.Rg7+ Kd8 42.Be6 1-0

[Event "2. BUNDESLIGA MITTE 2018/2019"]
[Site "Grieskirchen, Friedberg/Sauwald, St. Veit, Deutschlandsberg"]
[Date "2019.03.01"]
[Round "9"]
[Board "2"]
[White "Wertjanz, David"]
[Black "Sandhoefner, Florian"]
[Result "0-1"]
[WhiteElo "2311"]
[BlackElo "2310"]
[PlyCount "62"]
[EventDate "2018.10.19"]
[EventType "team"]
[EventRounds "11"]
[EventCountry "AUT"]
[WhiteTeam "SC Die Klagenfurter"]
[BlackTeam "ASK St.Valentin"]

1.e4 c5 2.Be2 Nc6 3.f4 g6 4.Nf3 Bg7 5.O-O e6 6.c3 Nge7 7.d3 d5 8.Na3 O-O 9.Qe1 b6
10.Nc2 Ba6 11.e5 Rc8 12.Be3 Qd7 13.g4 f6 14.exf6 Bxf6 15.d4 Bxe2 16.Qxe2 Qd6 17.Rae1
Nd8 18.Ne5 Bg7 19.Na3 Nec6 20.Qa6 Bxe5 21.Qxc8 Bxf4 22.Bxf4 Rxf4 23.Nb5 Rxg4+ 24.Kh1
Qe7 25.Re2 Qh4 26.Rxe6 Re4 27.Rxc6 Re2 28.Qxd8+ Qxd8 29.Nd6 Qh4 30.Rc8+ Kg7 31.Rf7+
Kh6 0-1

[Event "2. BUNDESLIGA MITTE 2018/2019"]
[Site "Grieskirchen, Friedberg/Sauwald, St. Veit, Deutschlandsberg"]
[Date "2019.03.01"]
[Round "9"]
[Board "3"]
[White "Hajnal, Zoltan"]
[Black "Genser, Harald"]
[Result "1-0"]
[WhiteElo "2402"]
[BlackElo "2274"]
[PlyCount "87"]
[EventDate "2018.10.19"]
[EventType "team"]
[EventRounds "11"]
[EventCountry "AUT"]
[WhiteTeam "ASK St.Valentin"]
[BlackTeam "SC Die Klagenfurter"]

1.e4 e6 2.d4 d5 3.Nc3 Nf6 4.e5 Nfd7 5.f4 c5 6.Nf3 Nc6 7.Be3 Be7 8.Qd2 O-O 9.dxc5 Bxc5
10.O-O-O Qa5 11.a3 Rd8 12.Nd4 Bxd4 13.Bxd4 Rb8 14.Qe3 b5 15.f5 b4 16.f6 Nf8 17.Nb1
bxa3 18.Nxa3 Nxd4 19.Rxd4 Qb6 20.b3 Ng6 21.Bd3 Qc5 22.Kb2 gxf6 23.Bxg6 fxg6 24.exf6
Rf8 25.Qe5 Rb7 26.g4 Qc7 27.Qxc7 Rxc7 28.g5 e5 29.Rd2 Be6 30.Re1 e4 31.Nb5 Rc5 32.Nd4
Kf7 33.h4 a5 34.Nxe6 Kxe6 35.c4 Ke5 36.Rde2 Rb8 37.cxd5 Rb4 38.d6 Rc8 39.d7 Rd8 40.f7
Ke6 41.Rf1 Rbb8 42.Rxe4+ Kxd7 43.Rd1+ Kc7 44.Rxd8 1-0

[Event "2. BUNDESLIGA MITTE 2018/2019"]
[Site "Grieskirchen, Friedberg/Sauwald, St. Veit, Deutschlandsberg"]
[Date "2019.03.01"]
[Round "9"]
[Board "4"]
[White "Petschar, Kurt"]
[Black "Heimberger, Reinhard"]
[Result "1/2-1/2"]
[WhiteElo "2239"]
[BlackElo "2235"]
[PlyCount "143"]
[EventDate "2018.10.19"]
[EventType "team"]
[EventRounds "11"]
[EventCountry "AUT"]
[WhiteTeam "SC Die Klagenfurter"]
[BlackTeam "ASK St.Valentin"]

1.Nf3 c5 2.c4 Nc6 3.Nc3 g6 4.e3 Nf6 5.d4 cxd4 6.exd4 Bg7 7.d5 Nb8 8.Be2 d6 9.O-O O-O
10.Bg5 Nbd7 11.Re1 Nc5 12.Bf1 h6 13.Bf4 a5 14.h3 g5 15.Be3 Bf5 16.Nd4 Bg6 17.Rc1 Nfd7
18.b3 Ne5 19.Re2 g4 20.hxg4 Nxg4 21.Qd2 Nd3 22.Rd1 Bxd4 23.Bxd4 e5 24.Bxe5 dxe5 25.g3
h5 26.f3 Qb6+ 27.Kg2 Nf6 28.Re3 e4 29.fxe4 Ne5 30.Qd4 Qxd4 31.Rxd4 Nfg4 32.Re1 f5
33.exf5 Rxf5 34.Rf4 Raf8 35.d6 Rxf4 36.gxf4 Rxf4 37.Be2 Nd7 38.Bf3 Rd4 39.Nb5 Rd2+
40.Kg3 Nc5 41.Re7 Nf6 42.Bxb7 Nfe4+ 43.Kf4 Nxd6 44.Bd5+ Rxd5 45.cxd5 Nxb5 46.a4 Nd6
47.Ke5 Nce4 48.Kf4 Bf7 49.Ra7 Nd2 50.Rxa5 Nxb3 51.Ra6 Nc4 52.d6 Nc5 53.Rc6 Nd7 54.Kg5
Kg7 55.Rc7 Be6 56.Kxh5 Kf6 57.Ra7 Nxd6 58.Kh4 Ne4 59.Ra6 Ndc5 60.Rc6 Ke5 61.a5 Bd5
62.Rh6 Nf6 63.Rh8 Bc4 64.Rc8 Kd6 65.Kg5 Nd5 66.Rh8 Kc6 67.Rh1 Nb3 68.Rh2 Kb5 69.Rc2
Bd3 70.Ra2 Nxa5 71.Rd2 Kc4 72.Rxd3 1/2-1/2

[Event "2. BUNDESLIGA MITTE 2018/2019"]
[Site "Grieskirchen, Friedberg/Sauwald, St. Veit, Deutschlandsberg"]
[Date "2019.03.01"]
[Round "9"]
[Board "6"]
[White "Opietnik, Christoph"]
[Black "Herndl, Gerald"]
[Result "1-0"]
[WhiteElo "2081"]
[BlackElo "2028"]
[PlyCount "93"]
[EventDate "2018.10.19"]
[EventType "team"]
[EventRounds "11"]
[EventCountry "AUT"]
[WhiteTeam "SC Die Klagenfurter"]
[BlackTeam "ASK St.Valentin"]

1.e4 e5 2.Nf3 Nc6 3.Bc4 Nf6 4.d3 Bc5 5.c3 d6 6.O-O Qe7 7.Nbd2 Bg4 8.h3 Bd7 9.b4 Bb6
10.Re1 Nh5 11.Nf1 O-O-O 12.a4 a5 13.b5 Nb8 14.d4 Nf4 15.Bxf4 exf4 16.e5 Be6 17.d5
dxe5 18.Qe2 Bxd5 19.Nxe5 Qc5 20.Bxd5 Rxd5 21.Nxf7 Rf8 22.Qe6+ Rd7 23.Re2 Qd5 24.Qxd5
Rxd5 25.Ne5 Nd7 26.Nxd7 Rxd7 27.Rae1 Kd8 28.Nd2 c6 29.Nc4 Bc5 30.Nxa5 cxb5 31.axb5
f3 32.Re5 Bd6 33.Re6 Bc5 34.Nb3 Ba7 35.b6 Bb8 36.Nc5 Rdf7 37.R6e4 fxg2 38.Ne6+ Kd7
39.Nxf8+ Rxf8 40.Re7+ Kc6 41.Rxg7 Kxb6 42.Rb1+ Kc5 43.Rgxb7 Bd6 44.Rxh7 Rg8 45.Rh4
Be5 46.Rh5 Kd6 47.Rd1+ 1-0

[Event "2. BUNDESLIGA MITTE 2018/2019"]
[Site "Grieskirchen, Friedberg/Sauwald, St. Veit, Deutschlandsberg"]
[Date "2019.03.01"]
[Round "9"]
[Board "1"]
[White "Halvax, Georg"]
[Black "Horvath, Adam"]
[Result "0-1"]
[WhiteElo "2421"]
[BlackElo "2520"]
[PlyCount "48"]
[EventDate "2018.10.19"]
[EventType "team"]
[EventRounds "11"]
[EventCountry "AUT"]
[WhiteTeam "SC MPOE Maria Saal II"]
[BlackTeam "EJ Gleisdorf"]

1.d4 Nf6 2.c4 e6 3.Nf3 Bb4+ 4.Bd2 a5 5.a3 Bxd2+ 6.Qxd2 b6 7.Nc3 Bb7 8.Qc2 d6 9.e3
Nbd7 10.Bd3 Qe7 11.Nd2 O-O 12.O-O c5 13.dxc5 bxc5 14.Nde4 Ng4 15.Rad1 f5 16.Ng3 Qh4
17.h3 Nde5 18.Bxf5 exf5 19.Nxf5 Qh5 20.e4 Rxf5 21.exf5 Nf3+ 22.Kh1 Ne1 23.Qe4 Bxe4
24.Nxe4 Ne3 0-1

[Event "2. BUNDESLIGA MITTE 2018/2019"]
[Site "Grieskirchen, Friedberg/Sauwald, St. Veit, Deutschlandsberg"]
[Date "2019.03.01"]
[Round "9"]
[Board "2"]
[White "Heinemann, Thies"]
[Black "Handler, Lukas"]
[Result "1-0"]
[WhiteElo "2509"]
[BlackElo "2415"]
[PlyCount "127"]
[EventDate "2018.10.19"]
[EventType "team"]
[EventRounds "11"]
[EventCountry "AUT"]
[WhiteTeam "EJ Gleisdorf"]
[BlackTeam "SC MPOE Maria Saal II"]

1.e4 c5 2.Nf3 Nc6 3.Bb5 g6 4.Bxc6 dxc6 5.d3 Bg7 6.h3 e5 7.Be3 b6 8.Qd2 h6 9.Nc3 Be6
10.a3 Ne7 11.b4 f5 12.Qe2 f4 13.Bd2 cxb4 14.axb4 O-O 15.Qd1 g5 16.Ra6 Ng6 17.Qa1 h5
18.Kd1 Rf7 19.Kc1 g4 20.hxg4 hxg4 21.Ne1 Rc8 22.Nd1 Rd7 23.Nb2 c5 24.bxc5 Rxc5 25.Rxa7
Rxa7 26.Qxa7 Rc8 27.Qb7 Ne7 28.Bb4 Nc6 29.Bc3 Ne7 30.Nd1 Qd6 31.Qa6 Qc6 32.Qa3 Ng6
33.Bb4 Ra8 34.Qc3 Qb5 35.Kd2 Ra4 36.Bd6 Qb1 37.Qb2 Ra1 38.Qxb1 Rxb1 39.Ba3 Bf6 40.Nc3
Ra1 41.Bb2 Ra5 42.Ne2 f3 43.gxf3 Bg5+ 44.Kd1 Rb5 45.Rh5 Be7 46.Kc1 gxf3 47.Nc3 Ra5
48.Nd5 Bd8 49.Ne3 Nf4 50.Rxe5 Ra2 51.Rb5 Ne2+ 52.Kd2 Bd7 53.Rd5 Be7 54.Nxf3 Bc6 55.Kxe2
Rxb2 56.Re5 Bf8 57.Nd4 Ba4 58.Kf3 b5 59.Ne6 Ba3 60.Rf5 b4 61.Nd4 Rb1 62.Ra5 Be8 63.Ra8
Kf7 64.Nc4 1-0

[Event "2. BUNDESLIGA MITTE 2018/2019"]
[Site "Grieskirchen, Friedberg/Sauwald, St. Veit, Deutschlandsberg"]
[Date "2019.03.01"]
[Round "9"]
[Board "3"]
[White "Tratar, Marko"]
[Black "Frosch, Ronald"]
[Result "1-0"]
[WhiteElo "2455"]
[BlackElo "2284"]
[PlyCount "93"]
[EventDate "2018.10.19"]
[EventType "team"]
[EventRounds "11"]
[EventCountry "AUT"]
[WhiteTeam "SC MPOE Maria Saal II"]
[BlackTeam "EJ Gleisdorf"]

1.Nf3 d5 2.b3 Nf6 3.Bb2 g6 4.c4 c6 5.g3 Bg7 6.Bg2 O-O 7.O-O a5 8.d3 Na6 9.Nbd2 Bd7
10.a3 Rc8 11.Qc2 Bg4 12.Rfe1 Bxf3 13.Nxf3 e6 14.e4 b5 15.e5 Nd7 16.d4 bxc4 17.bxc4
c5 18.cxd5 cxd4 19.Qe2 d3 20.Qxd3 Ndc5 21.Qe2 Qxd5 22.Nd4 Qd7 23.Rac1 Rfd8 24.Rc4
Na4 25.Rxa4 Qxa4 26.Qxa6 Qc4 27.Bf1 Qc5 28.Rc1 Qxc1 29.Bxc1 Rxc1 30.Qb6 Rd5 31.Kg2
Bxe5 32.Nc6 Bd6 33.Nxa5 Rc2 34.Nb3 Bxa3 35.Qa6 Be7 36.Bc4 Rf5 37.Be2 Rd5 38.Kf1 Kg7
39.h4 Bf6 40.Qa4 Re5 41.Bf3 h5 42.Be4 Rb2 43.Nc1 Reb5 44.Nd3 Rb1+ 45.Kg2 Rb6 46.Qd7
Rd1 47.Bxg6 1-0

[Event "2. BUNDESLIGA MITTE 2018/2019"]
[Site "Grieskirchen, Friedberg/Sauwald, St. Veit, Deutschlandsberg"]
[Date "2019.03.01"]
[Round "9"]
[Board "4"]
[White "Wanderer, Thomas"]
[Black "Rieger, Robert"]
[Result "1/2-1/2"]
[WhiteElo "2225"]
[BlackElo "2297"]
[PlyCount "38"]
[EventDate "2018.10.19"]
[EventType "team"]
[EventRounds "11"]
[EventCountry "AUT"]
[WhiteTeam "EJ Gleisdorf"]
[BlackTeam "SC MPOE Maria Saal II"]

1.Nf3 Nf6 2.c4 e6 3.g3 d5 4.b3 Be7 5.Bg2 O-O 6.O-O b6 7.Bb2 Bb7 8.e3 c5 9.Qe2 Nc6
10.Rd1 dxc4 11.bxc4 Qc7 12.Nc3 a6 13.Rac1 Rfd8 14.d4 Na5 15.Na4 Bc6 16.Qc2 Be4 17.Qe2
Bc6 18.Qc2 Be4 19.Qe2 Bc6 1/2-1/2

[Event "2. BUNDESLIGA MITTE 2018/2019"]
[Site "Grieskirchen, Friedberg/Sauwald, St. Veit, Deutschlandsberg"]
[Date "2019.03.01"]
[Round "9"]
[Board "6"]
[White "Manhardt, Thomas"]
[Black "Hartl, Daniel"]
[Result "1/2-1/2"]
[WhiteElo "2264"]
[BlackElo "2271"]
[PlyCount "60"]
[EventDate "2018.10.19"]
[EventType "team"]
[EventRounds "11"]
[EventCountry "AUT"]
[WhiteTeam "EJ Gleisdorf"]
[BlackTeam "SC MPOE Maria Saal II"]

1.e4 e5 2.Nf3 Nc6 3.d4 exd4 4.Nxd4 Nf6 5.Nxc6 bxc6 6.e5 Qe7 7.Qe2 Nd5 8.c4 Ba6 9.b3
g6 10.Bb2 Bg7 11.Nd2 O-O-O 12.g3 Nb4 13.Nf3 c5 14.Bg2 Rhe8 15.O-O f6 16.Rfe1 Nc6 17.Qe4
fxe5 18.Qd5 e4 19.Bxg7 Qxg7 20.Ng5 Re5 21.Qf7 Qh8 22.h4 h6 23.Nxe4 Rf8 24.Qxg6 Rg8
25.Qf7 Rf8 26.Qg6 Rg8 27.Qf7 Rf8 28.Qg6 Rg8 29.Qf7 Rf8 30.Qg6 Rg8 1/2-1/2

[Event "2. BUNDESLIGA MITTE 2018/2019"]
[Site "Grieskirchen, Friedberg/Sauwald, St. Veit, Deutschlandsberg"]
[Date "2019.03.01"]
[Round "9"]
[Board "1"]
[White "Schwabeneder, Florian"]
[Black "Ftacnik, Lubomir"]
[Result "1/2-1/2"]
[WhiteElo "2430"]
[BlackElo "2513"]
[PlyCount "105"]
[EventDate "2018.10.19"]
[EventType "team"]
[EventRounds "11"]
[EventCountry "AUT"]
[WhiteTeam "SPK Grieskirchen/Schallerbach"]
[BlackTeam "SC Pinggau-Friedberg"]

1.e4 c5 2.Nf3 d6 3.c3 Nf6 4.Be2 Nbd7 5.d3 b6 6.O-O Bb7 7.Na3 g6 8.Bg5 Bg7 9.Nd2 h6
10.Bh4 d5 11.Qc2 O-O 12.f4 c4 13.e5 cxd3 14.Qxd3 Nh7 15.Qe3 f6 16.Bg3 fxe5 17.fxe5
Nc5 18.Nc2 Qd7 19.Nd4 Rxf1+ 20.Rxf1 Rf8 21.Rd1 Ng5 22.h3 Qa4 23.Bf4 Ba6 24.b3 Qxa2
25.Bxa6 Qxa6 26.b4 Nce6 27.Bxg5 Nxg5 28.h4 Nf7 29.N2f3 Qc8 30.Ra1 Qg4 31.Rxa7 Qe4
32.Qxe4 dxe4 33.Nd2 Bxe5 34.Rxe7 Rd8 35.N2b3 Rc8 36.Nb5 Kf8 37.Re6 Bxc3 38.Rxe4 Be5
39.N3d4 Kg8 40.Nf3 Bg3 41.Kf1 Kg7 42.Nbd4 Rc1+ 43.Ke2 Rb1 44.h5 Rb2+ 45.Kd3 Bd6 46.hxg6
Kxg6 47.Re6+ Kh7 48.Nf5 Bxb4 49.Rf6 Kg8 50.Rg6+ Kf8 51.Rxb6 Ba3 52.Ra6 Be7 53.Nxh6 1/2-1/2

[Event "2. BUNDESLIGA MITTE 2018/2019"]
[Site "Grieskirchen, Friedberg/Sauwald, St. Veit, Deutschlandsberg"]
[Date "2019.03.01"]
[Round "9"]
[Board "2"]
[White "Milanovic, Danilo"]
[Black "Haba, Petr"]
[Result "1-0"]
[WhiteElo "2493"]
[BlackElo "2445"]
[PlyCount "111"]
[EventDate "2018.10.19"]
[EventType "team"]
[EventRounds "11"]
[EventCountry "AUT"]
[WhiteTeam "SC Pinggau-Friedberg"]
[BlackTeam "SPK Grieskirchen/Schallerbach"]

1.d4 d5 2.Bf4 Nf6 3.e3 c5 4.c3 Nc6 5.Nd2 Bf5 6.Qb3 Qc8 7.dxc5 e6 8.Qa3 a5 9.Ngf3 Nd7
10.Bd6 Bxd6 11.cxd6 O-O 12.Bb5 Na7 13.Bxd7 Qxd7 14.Qxa5 Qxd6 15.O-O Bd3 16.Rfc1 Nc6
17.Qb6 Ra6 18.Qb3 e5 19.Ne1 Be2 20.Qc2 Bh5 21.a3 Rd8 22.Nf1 Bg6 23.Qd1 h6 24.Ng3 Na5
25.a4 Qc7 26.Nf1 Rc6 27.Nd2 Nc4 28.b4 Nd6 29.Qb3 Rc8 30.Qxd5 Rxc3 31.Nb3 Qc4 32.Qxc4
R8xc4 33.Rxc3 Rxc3 34.Nc5 f6 35.a5 Rc4 36.Rd1 Nb5 37.Nxb7 Rxb4 38.f3 Nc3 39.Rd8+ Kh7
40.a6 Ra4 41.Nc5 Ra1 42.Kf2 Nd1+ 43.Ke2 Nc3+ 44.Kd2 Rd1+ 45.Kxc3 Rxd8 46.Kb4 Be8 47.Nb7
Rd1 48.a7 Rb1+ 49.Kc5 Rc1+ 50.Kb6 Rc6+ 51.Ka5 Rc3 52.Nd3 Ra3+ 53.Kb6 e4 54.Nb4 exf3
55.gxf3 Rxa7 56.Kxa7 1-0

[Event "2. BUNDESLIGA MITTE 2018/2019"]
[Site "Grieskirchen, Friedberg/Sauwald, St. Veit, Deutschlandsberg"]
[Date "2019.03.01"]
[Round "9"]
[Board "3"]
[White "Kilgus, Georg"]
[Black "Schnider, Gert"]
[Result "1/2-1/2"]
[WhiteElo "2436"]
[BlackElo "2424"]
[PlyCount "95"]
[EventDate "2018.10.19"]
[EventType "team"]
[EventRounds "11"]
[EventCountry "AUT"]
[WhiteTeam "SPK Grieskirchen/Schallerbach"]
[BlackTeam "SC Pinggau-Friedberg"]

1.d4 Nf6 2.c4 e6 3.Nf3 d5 4.Nc3 Be7 5.g3 O-O 6.Bg2 dxc4 7.Ne5 c5 8.dxc5 Qc7 9.Nxc4
Qxc5 10.Qb3 Nc6 11.Be3 Nd4 12.Bxd4 Qxd4 13.O-O Qc5 14.Rad1 Rb8 15.Qb5 Qxb5 16.Nxb5
Bd7 17.Nbd6 Bc6 18.Bxc6 bxc6 19.b3 Rfd8 20.e4 Kf8 21.f4 Rb4 22.e5 Nd5 23.Rd3 f6 24.a3
Rbb8 25.b4 Bxd6 26.Nxd6 Ke7 27.Rc1 Rb6 28.Kf2 Rf8 29.Ke2 Kd7 30.Nc4 Rb5 31.exf6 gxf6
32.Na5 Rc8 33.Nb3 Kd6 34.Kf3 Rb7 35.Na5 Rb5 36.Rd4 Rc7 37.Rdc4 Ne7 38.g4 Rd5 39.Ke3
Rc8 40.Nb7+ Kc7 41.Na5 Kd7 42.h3 h5 43.Nb3 e5 44.Nc5+ Kc7 45.Ne4 exf4+ 46.Kxf4 hxg4
47.hxg4 Rf8 48.Nc5 1/2-1/2

[Event "2. BUNDESLIGA MITTE 2018/2019"]
[Site "Grieskirchen, Friedberg/Sauwald, St. Veit, Deutschlandsberg"]
[Date "2019.03.01"]
[Round "9"]
[Board "4"]
[White "Mahdy, Khaled"]
[Black "Singer, Christoph"]
[Result "1/2-1/2"]
[WhiteElo "2382"]
[BlackElo "2347"]
[PlyCount "106"]
[EventDate "2018.10.19"]
[EventType "team"]
[EventRounds "11"]
[EventCountry "AUT"]
[WhiteTeam "SC Pinggau-Friedberg"]
[BlackTeam "SPK Grieskirchen/Schallerbach"]

1.e4 e5 2.Nf3 Nc6 3.Bb5 Nf6 4.d3 d6 5.c3 Be7 6.O-O O-O 7.Re1 a6 8.Ba4 Nd7 9.Bc2 Nb6
10.d4 exd4 11.Nxd4 Bd7 12.Nd2 Nxd4 13.cxd4 c5 14.Nf3 Bg4 15.dxc5 dxc5 16.Bf4 Qc8 17.h3
Rd8 18.Qe2 Be6 19.Ng5 Bxg5 20.Bxg5 f6 21.Bh4 Nc4 22.Rad1 Qc6 23.e5 Rxd1 24.Bxd1 Nxe5
25.f4 Ng6 26.Qxe6+ Qxe6 27.Rxe6 Nxh4 28.Rb6 Ra7 29.Bb3+ Kf8 30.Bd5 Ke7 31.Bxb7 a5
32.Kf2 Ng6 33.Kf3 Nf8 34.Ke4 Nd7 35.Rb5 Kd6 36.Bc8 Nf8 37.Kd3 Ng6 38.g3 Ne7 39.Bg4
Nc6 40.Kc4 Re7 41.Bf3 Nd4 42.Rb6+ Kc7 43.Rb7+ Kd6 44.Rb6+ Kc7 45.Rb7+ Kd6 46.Rxe7
Kxe7 47.Be4 f5 48.Bd3 Kd6 49.b3 Kc6 50.Kc3 Kd6 51.Kc4 Kc6 52.Kc3 Kd6 53.Kc4 Kc6 1/2-1/2

[Event "2. BUNDESLIGA MITTE 2018/2019"]
[Site "Grieskirchen, Friedberg/Sauwald, St. Veit, Deutschlandsberg"]
[Date "2019.03.01"]
[Round "9"]
[Board "5"]
[White "Webersberger, Johann"]
[Black "Schieder, Andreas"]
[Result "1-0"]
[WhiteElo "2368"]
[BlackElo "2205"]
[PlyCount "107"]
[EventDate "2018.10.19"]
[EventType "team"]
[EventRounds "11"]
[EventCountry "AUT"]
[WhiteTeam "SPK Grieskirchen/Schallerbach"]
[BlackTeam "SC Pinggau-Friedberg"]

1.Nf3 d5 2.c4 e6 3.g3 f5 4.Bg2 Nf6 5.O-O Nc6 6.d4 Ne4 7.Nc3 Be7 8.cxd5 exd5 9.Qb3
Nxc3 10.Qxc3 O-O 11.Bd2 a5 12.Rfc1 Bb4 13.Qc2 Bd6 14.e3 Qf6 15.Qb3 Ne7 16.Ne5 a4 17.Qc2
c6 18.f4 g5 19.a3 g4 20.Bb4 h5 21.b3 axb3 22.Qxb3 Kg7 23.Bxd6 Qxd6 24.Qb4 Qd8 25.a4
Ng6 26.a5 Nxe5 27.dxe5 Qe8 28.Qc5 Rf7 29.Bf1 Qe7 30.Qb6 Qc7 31.Qc5 Qe7 32.Qd4 Qe6
33.Qb6 h4 34.a6 h3 35.Rab1 Qe7 36.Rc3 Qc7 37.Qd4 Kg6 38.Rb6 Kh7 39.Rcb3 bxa6 40.Qc5
Be6 41.Rxc6 Qd7 42.Rbb6 Rc8 43.Bxa6 Rxc6 44.Qxc6 Qxc6 45.Rxc6 Re7 46.Rb6 Re8 47.Bb5
Re7 48.Bc6 Kg7 49.Kf2 Kf8 50.Rb8+ Kf7 51.Ke2 Ra7 52.Rb7+ Rxb7 53.Bxb7 Ke7 54.Kd3 1-0